00714cam a22002057a 4500003000500000005001700005008004100022010000900063011000900072035000900081040000900090100003800099245013700137260004000274300003000314502007700344650002500421650003000446650003200476CHAP20220329133121.0971013s1990 mx a r 00010 spa d a2334 a3306 a2506 cCHAP00aRamírez Delgadillo, Jorge Luis.10aAcolchado con plástico en el cultivo de calabacita (Cucurbita pepo var. Zucchini) en el área de influencia de Chapingo, México aChapingo. Méx. :bEl Autor,c1990 a109 h. :bilus., gráfs. aTesis (Ing. Agr. Esp. en Fitotecnia) -- UACH. Departamento de Fitotecnia14aAcolchado de suelos.14aCalabazaxMéxico (Edo.)14aPlásticos en agricultura.